Külföldi vasuti [!vasúti] joggyakorlat

Elmentve itt :
Bibliográfiai részletek
Szerző: Varannai István
Dokumentumtípus: Cikk
Megjelent: 1925
Sorozat:Polgári jog : a hazai és külföldi magánjog és hiteljog szemléje 1
Kulcsszavak:Vasút jogi szabályozás
Online Access:http://misc.bibl.u-szeged.hu/3787
LEADER 00620nab a2200169 i 4500
001 misc3787
005 20191106143204.0
008 170607s1925 hu o 0|| hun d
040 |a SZTE Miscellanea Repozitórium  |b hun 
041 |a hun 
100 1 |a Varannai István 
245 1 0 |a Külföldi vasuti [!vasúti] joggyakorlat  |h [elektronikus dokumentum] /  |c  Varannai István 
260 |c 1925 
300 |a 84-87a 
490 0 |a Polgári jog : a hazai és külföldi magánjog és hiteljog szemléje  |v 1 
695 |a Vasút jogi szabályozás 
856 4 0 |u http://misc.bibl.u-szeged.hu/3787/1/polgari_jog_1925_084-087a.pdf  |z Dokumentum-elérés